Music Quiz

Random Music Quiz

Musicians by Guitar Face Quiz Stats

Quiz Updated Mar 23, 2012

Challenge
Share
Tweet
Score 0/25 Timer 05:00
0 Plays Today
Column Musician % Correct
Column 1Prince
96.2%
Column 5Jimi Hendrix
86.1%
Column 2Bruce Springsteen
81.6%
Column 3Eric Clapton
75.3%
Column 1Keith Richards
74.5%
Column 1Carlos Santana
73.7%
Column 4B.B. King
62.4%
Column 5Dave Grohl
60.8%
Column 2Flea
60.7%
Column 2Dave Matthews
56.4%
Column 3John Mayer
54.8%
Column 5Angus Young
51.8%
Column 4Eddie Van Halen
47.5%
Column Musician % Correct
Column 1Noel Gallagher
41.8%
Column 4James Hetfield
41.4%
Column 5Stevie Ray Vaughan
39.4%
Column 2Tom Morello
37.6%
Column 3Joe Perry
33.5%
Column 1Jared Leto
27.9%
Column 3Richie Sambora
25.5%
Column 2Lenny Kravitz
25%
Column 4Joe Satriani
19.3%
Column 3C.C. DeVille
14.3%
Column 4Randy Rhoads
12.1%
Column 5Caleb Followill
6.8%

You're not logged in!

Compare scores with friends on all Sporcle quizzes.
Sign Up with Email
OR
Log In

You Might Also Like...

Show Comments

Extras

Top Quizzes Today


Score Distribution

Your Account Isn't Verified!

In order to create a playlist on Sporcle, you need to verify the email address you used during registration. Go to your Sporcle Settings to finish the process.